|
|
|
|
| LEADER |
00000nam0a2200000 4500 |
| 001 |
124411 |
| 005 |
20231031130920.0 |
| 020 |
|
|
|a RU
|b 82-78467
|
| 035 |
|
|
|a (RuTPU)RU\TPU\book\134643
|
| 090 |
|
|
|a 124411
|
| 100 |
|
|
|a 20071031d1982 m y0rusy5003 ca
|
| 101 |
0 |
|
|a rus
|
| 102 |
|
|
|a RU
|
| 105 |
|
|
|a y z 000ay
|
| 200 |
1 |
|
|a Это было под Ровно
|e [Повесть]
|f Д. Н. Медведев
|
| 210 |
|
|
|a Чебоксары
|c Чувашское книжное изд-во
|d 1982
|
| 215 |
|
|
|a 208 с.
|d 21 см
|
| 225 |
1 |
|
|a Сельская библиотека Нечерноземья
|
| 610 |
0 |
|
|a партизанское движение
|
| 610 |
0 |
|
|a разведка
|
| 610 |
0 |
|
|a Великая Отечественная война 1941-1945
|
| 610 |
0 |
|
|a советская литература
|
| 610 |
0 |
|
|a повести
|
| 675 |
|
|
|a Р2
|z rus
|
| 700 |
|
1 |
|a Медведев
|b Д. Н.
|g Дмитрий Николаевич
|4 070
|
| 801 |
|
0 |
|a RU
|b RuMRKP
|c 19950704
|g psbo
|
| 801 |
|
1 |
|a RU
|b 63413507
|c 20071031
|g PSBO
|
| 801 |
|
2 |
|a RU
|b 63413507
|c 20140217
|g PSBO
|
| 942 |
|
|
|c BK
|